00630nam a2200181 i 450000100060000000300090000600500170001500700030003200800410003510000350007624500730011126000360018430000320022070000250025285200320027799900170030995201220032627623ES-MaACL20230906153651.0t|030115s1971 sp ||||1| spa d1 aArazo, María Angeles.92237310aValencianos de la mar / cMaría Angeles Arazo ; fotos, Luis Vidal. aValencia : bPrometeo, c[1971] a181 p., 6 lám. ; c21 cm.1 aVidal, Luis.9114445 aES-MaACLjC-47040 bR.80269 c27623d27623 00104070aATENEOMbATENEOMcDEPO2d2008-01-17eSCl0oC-47040p1028524r2023-02-23 00:00:00w2023-02-23yMONOGRAFIA